Formuła 1 - wszyscy kierowcy Mercedesa - Statystyki

Ogólne statystyki
  • Ten quiz został rozwiązany 202 razy
  • Średni wynik to 6 z 13
Statystyki odpowiedzi
Starty Sezony Kraj Kierowca % Poprawnych
246 2013-2024 W.Brytania Lewis Hamilton
99%
72 2022-2025 W.Brytania George Russell
96%
101 2017-2021 Finlandia Valtteri Bottas
95%
136 2010-2016 Niemcy Nico Rosberg
93%
58 2010-2012 Niemcy Michael Schumacher
83%
3 2025 Włochy Andrea Kimi Antonelli
80%
12 1954-1955 Argentyna Juan Manuel Fangio
57%
6 1955 W.Brytania Stirling Moss
15%
11 1954-1955 Niemcy Karl Kling
4%
6 1954-1955 Niemcy Hans Herrmann
2%
2 1955 Włochy Piero Taruffi
2%
1 1955 Francja Andre Simon
1%
1 1954 Niemcy Hermann Lang
1%
Nie znaleziono quizów pasujących do podanych kryteriów
Rozkład punktacji
Procent ludzi z każdym wynikiem
Percentyl według liczby udzielonych odpowiedzi
Twoja historia wyników
Nie rozwiązałeś tego quizu